LEADER 00942nam0-22002891--450- 001 990008307110403321 005 20061121122153.0 035 $a000830711 035 $aFED01000830711 035 $a(Aleph)000830711FED01 035 $a000830711 100 $a20060404d1907----km-y0itay50------ba 101 0 $aita 102 $aIT 105 $ay-------001yy 200 1 $aMalattie infettive e diffusive dall'anno 1901 al 1904$ee profilassi delle malattie celtiche dal 1902 al 1904$fDirezione generale della sanità pubblica 210 $aRoma$cCoop. tip. Manuzio$d1907 215 $aLX, 215 p.$d27 cm 676 $a362.1$v12 rid.$zita 710 01$aItalia.$bDirezione generale della sanità pubblica$0289563 801 0$aIT$bUNINA$gRICA$2UNIMARC 901 $aBK 912 $a990008307110403321 952 $aXVI F 85$bs.i.$fFGBC 959 $aFGBC 996 $aMalattie infettive e diffusive dall'anno 1901 al 1904$9745665 997 $aUNINA